Guidance and counselling/ (Record no. 8237)

MARC details
000 -LEADER
fixed length control field 00554nam a22001937a 4500
003 - CONTROL NUMBER IDENTIFIER
control field OSt
005 - DATE AND TIME OF LATEST TRANSACTION
control field 20260204015338.0
008 - FIXED-LENGTH DATA ELEMENTS--GENERAL INFORMATION
fixed length control field 260204b |||||||| |||| 00| 0 eng d
020 ## - INTERNATIONAL STANDARD BOOK NUMBER
International Standard Book Number 978-1-68251-446-7
040 ## - CATALOGING SOURCE
Original cataloging agency DWC-Main lib
Transcribing agency OC
082 ## - DEWEY DECIMAL CLASSIFICATION NUMBER
Classification number Circ. 371.4 G946 2017
100 ## - MAIN ENTRY--PERSONAL NAME
Personal name 3GE-LEARNING
245 ## - TITLE STATEMENT
Title Guidance and counselling/
Statement of responsibility, etc. 3GE-LEARNING
260 ## - PUBLICATION, DISTRIBUTION, ETC.
Place of publication, distribution, etc. USA :
Name of publisher, distributor, etc. 3G E- learning,
Date of publication, distribution, etc. c2017.
300 ## - PHYSICAL DESCRIPTION
Extent x, 234 pages:
Other physical details illustration;
Dimensions 23cm
504 ## - BIBLIOGRAPHY, ETC. NOTE
Bibliography, etc. note Includes index
650 ## - SUBJECT ADDED ENTRY--TOPICAL TERM
Topical term or geographic name entry element 1. Includes index
942 ## - ADDED ENTRY ELEMENTS (KOHA)
Source of classification or shelving scheme Dewey Decimal Classification
Koha item type Book Circulation
Call number prefix Circ.
Suppress in OPAC No
952 ## - LOCATION AND ITEM INFORMATION (KOHA)
--
Holdings
Withdrawn status Lost status Source of classification or shelving scheme Damaged status Not for loan Home library Current library Shelving location Date acquired Source of acquisition Total Checkouts Full call number Barcode Date last seen Copy number Price effective from Koha item type Uniform Resource Identifier
    Dewey Decimal Classification     College Library College Library Circulation 02/28/2020 School Fund   Circ. 371.4 G946 2017 CL52521 02/04/2026 c1 02/04/2026 BK-CIRC